Démon smilstva ničí mnohých

Bibliographic Details
Main Author: Mydla, Jozef (Author)
Format: Article
Language:Slovak
ISSN:0701-0192
Subjects:

MARC

LEADER 00000nab a2200000 ar4500
001 vtls008414183
003 SK-MaSNL
005 20260303070232.0
008 051207c2005 xo mr|p|||||||000 b|slo
015 |a SNBRB2005/12  |2 snkbucl 
038 |a SNKBUCL 
040 |a SNKBUCL  |b slo  |c SNKBUCL  |e AACR2 
041 0 |a slo 
044 |a xo  |c SK 
080 |a 241.64  |2 UDC-MRF-SK2 
100 1 |a Mydla, Jozef  |4 aut  |9 12644 
245 1 0 |a Démon smilstva ničí mnohých  |c Jozef Mydla 
650 0 7 |a Božie zákony  |2 snkbucl  |9 829102 
650 0 7 |a Desať Božích prikázaní  |2 snkbucl  |9 862690 
650 0 7 |a nezosmilníš  |2 snkbucl  |9 869560 
650 0 7 |a nescudzoložíš  |2 snkbucl  |9 1067385 
773 0 |t Posol  |g Roč. 84, č. 11 (2005), s. 5  |x 0701-0192 
852 |a SNK  |b KIS3GCP 
999 |c 1754499  |d 1756429